000
00320nam a2200121Ia 4500
008
220214s9999 xx 000 0 und d
100
_a
Crooke W M
245
4
_a
The Measurement of the cation-exchange capacity of plant roots
260
_b
Plant and Soil
_c
1964
300
_a
43-49
650
_a
Plant roots
942
_c
RE
999
_c
45330
_d
45330